Boost your vocabulary : 2 /

Main Author: Barker, Chris, 1955-
Language: English
Published: Harlow : Longman, 2001
Edition: 1st publ.
Series: Penguin English guides
Physical Description: 88 s. : il.
Book
Saved in:
LEADER 01153nam a2200337za 4500
001 000998121
003 CZ BrMZK
005 20200513094802.0
007 ta
008 050817s2001 enka grf |||||0 engod
020 |a 0582468787  |q (brož.) 
040 |a BOA001  |b cze 
072 7 |a 811.111  |x Angličtina  |2 Konspekt  |9 11 
080 |a 811.111  |2 MRF 
080 |a 81'373  |2 MRF 
080 |a (07.062)81  |2 MRF 
100 1 |a Barker, Chris,  |d 1955-  |7 jn20040601004  |4 aut 
245 1 0 |a Boost your vocabulary :  |b 2 /  |c Chris Baker 
250 |a 1st publ. 
260 |a Harlow :  |b Longman,  |c 2001 
300 |a 88 s. :  |b il. 
490 1 |a Penguin English guides 
650 0 7 |a angličtina  |7 ph114056  |2 czenas 
650 0 7 |a slovní zásoba  |7 ph166083  |2 czenas 
653 0 |a jazyková úroveň A1  |a jazyková úroveň A2 
655 7 |a jazykové učebnice, texty, příručky (A)  |7 fd600889  |2 czenas 
830 0 |a Penguin English guides 
910 |a BOA001  |b AK-0002.403,2 
990 |a BK 
991 |b 201002  |y British Council Brno - Czech Republic  |z 000046696  |x 99 
996 7 |b 261E004473  |c AK-0002.403,2  |l Anglická knihovna/2.patro  |r ZHR  |n 49  |h SV  |w 000998121  |u 000010  |a 0  |e BOA001  |j MZK50  |s A